000 00561nam a2200205Ia 4500
008 230125s9999 xx 000 0 und d
020 _a0-07-022116-2
041 _aeng
082 _a658.1599
_bAPT
100 _aApte P G
_9110478
245 _aInternational Financial Management
250 _a5th Ed.
260 _c2010
_bTata McGraw Hill
_aNew Delhi
300 _a696p
500 _aInternational financial management;International FM
650 _aFinancial Management
700 _aApte P G
_9110478
906 _b112.01
999 _c87333
_d87333